000 00716nam a22002297a 4500
005 20170124105942.0
010 _aA-541153
020 _c00.00
_a8170244129
035 _aA-541153
037 _bCen Lib/Ret
040 _aDPL
_bEN
082 _a338.9541734
_bPOV
245 _aPoverty, unemployment and rural development /
_cedited by Baidyanath Misra
260 _aNew Delhi
_bAshish Publishing House
_c1991
270 _a8/81, Punjabi Bagh
_bNew Delhi
_e110026
300 _axii,146p.
_c22cmHb)
500 _aIncludes index
650 _aRural development
_973595
650 _aRural poor--Employment
_911420
700 _aMisra,, Baidyanath
_911421
942 _2ddc
_cEN
_h338.9541734
_mPOV
999 _c124628
_d124628